00449 a2200181 4500260000900000440000600009260000800015245006100023300001200084650002400096260000900120300003000129130000700159710000800166440004900174651002800223020001600251 aRome n2 bFAO aFormation pour l'agriculture et le développement rural aX-157p. aDEVELOPPEMENT RURAL c1976 bill., couv. ill. en coul. lFr aFAO aFAO : développement économique et social apays en développement a92-200164-6